[Event "18th American Continental"]
[Site "Foz do Iguacu BRA"]
[Date "2025.05.23"]
[Round "1.100"]
[White "Jodorcovsky Werjivker, Paulo"]
[Black "Galeano Rolin, Mateo Josias"]
[Result "1-0"]
[WhiteTitle "CM"]
[WhiteElo "2117"]
[BlackElo "1502"]
[WhiteFideId "3700305"]
[BlackFideId "3716171"]
[EventDate "2025.05.23"]

1. c4 e5 2. e3 Nc6 3. Nc3 Nf6 4. Nf3 d5 5. cxd5 Nxd5 6. Bb5 Nxc3 7. bxc3 Bd6 8.
d4 e4 9. Nd2 Qg5 10. Bf1 Bf5 11. Rb1 Rb8 12. g3 O-O 13. Bg2 Rfe8 14. O-O h5 15.
h4 Qg6 16. Nc4 Bg4 17. Qc2 Bf5 18. Ba3 Bxa3 19. Nxa3 a6 20. Nc4 b5 21. Nd2 Rbc8
22. a4 Na7 23. axb5 Nxb5 24. Qb2 Qc6 25. c4 Nd6 26. c5 Nb5 27. Ra1 Rb8 28. Qc2
Qg6 29. Nc4 Ra8 30. Ra4 f6 31. Nd2 Qg4 32. Rfa1 Qe2 33. Bf1 Qg4 34. Bxb5 Red8
35. Bc6 Ra7 36. Bxe4 Bxe4 37. Nxe4 Rd7 38. d5 Qg6 1-0

[Event "18th American Continental"]
[Site "Foz do Iguacu BRA"]
[Date "2025.05.23"]
[Round "1.101"]
[White "Ramirez Bentos, Ana Paula"]
[Black "Heredia Serrano, Carla"]
[Result "0-1"]
[BlackTitle "WGM"]
[WhiteElo "1500"]
[BlackElo "2114"]
[WhiteFideId "3720152"]
[BlackFideId "3603687"]
[EventDate "2025.05.23"]

1. c4 c6 2. Nc3 d5 3. cxd5 cxd5 4. d4 Nc6 5. Nf3 Nf6 6. Qc2 g6 7. Bf4 Bg7 8. e3
O-O 9. Be2 a6 10. a3 Bf5 11. Bd3 Bxd3 12. Qxd3 Na5 13. O-O Rc8 14. b4 Nc4 15.
Nd2 Nh5 16. Bg3 Nxg3 17. hxg3 e5 18. dxe5 Nxe5 19. Qc2 Rxc3 20. Qb2 Nc4 21. Nxc4
Rxc4 22. Qd2 Bxa1 23. Rxa1 Qf6 24. Rd1 Rfc8 25. Kh2 Qf5 26. Kg1 Rc2 27. Qe1 Ra2
28. Ra1 Rxa1 29. Qxa1 Rc2 30. f3 Re2 31. e4 dxe4 32. Qd1 exf3 33. Qd8+ Kg7 34.
Qd4+ Qf6 35. Qc5 Rxg2+ 36. Kf1 Qa1+ 37. Qc1 Qxc1# 0-1

[Event "18th American Continental"]
[Site "Foz do Iguacu BRA"]
[Date "2025.05.23"]
[Round "1.102"]
[White "Buganca, Luiz Henrique Da Silva"]
[Black "Noguera Delgado, Gael Eduardo"]
[Result "1-0"]
[WhiteTitle "CM"]
[WhiteElo "2114"]
[BlackElo "1484"]
[WhiteFideId "2182289"]
[BlackFideId "3717348"]
[EventDate "2025.05.23"]

1. d4 Nf6 2. c4 g6 3. Nf3 Bg7 4. g3 d6 5. Bg2 O-O 6. O-O Nbd7 7. Nc3 c5 8. d5
Re8 9. h3 a6 10. a4 b6 11. Qc2 Rb8 12. e4 Bb7 13. Bd2 e6 14. dxe6 Rxe6 15. Rfe1
Re8 16. Rad1 Qc7 17. b3 h6 18. g4 Rbd8 19. g5 hxg5 20. Bxg5 Ne5 21. Nh2 Rb8 22.
Qd2 Kh7 23. Qxd6 Qxd6 24. Rxd6 Nfd7 25. f4 Nc6 26. Nd5 1-0

[Event "18th American Continental"]
[Site "Foz do Iguacu BRA"]
[Date "2025.05.23"]
[Round "1.103"]
[White "Vaz, Vania Dora Madona"]
[Black "Gauche, Charles"]
[Result "0-1"]
[BlackTitle "FM"]
[WhiteElo "1471"]
[BlackElo "2112"]
[WhiteFideId "22793887"]
[BlackFideId "2101335"]
[EventDate "2025.05.23"]

1. e4 c5 2. Nf3 Nc6 3. d3 d6 4. g3 g6 5. Bg2 Bg7 6. O-O e5 7. c3 Nge7 8. Nbd2
O-O 9. Re1 h6 10. h4 Be6 11. Nf1 d5 12. Qe2 Qd7 13. N3h2 Rad8 14. f3 f5 15. f4
fxe4 16. dxe4 d4 17. Rd1 exf4 18. Bxf4 Qc8 19. c4 Ne5 20. Rac1 N7c6 21. Qd2 Kh7
22. b3 Rf7 23. Nf3 Nxf3+ 24. Bxf3 g5 25. hxg5 hxg5 26. Qh2+ Kg8 27. Bxg5 Rxf3
28. Bxd8 Qxd8 29. Rd2 Qg5 30. Rcd1 Ne5 31. Rf2 Rf6 32. Qh1 Nf3+ 0-1

[Event "18th American Continental"]
[Site "Foz do Iguacu BRA"]
[Date "2025.05.24"]
[Round "2.15"]
[White "Quintiliano, Renato R."]
[Black "Requejo Cotrina, Oswaldo Valentin"]
[Result "1-0"]
[WhiteTitle "GM"]
[BlackTitle "FM"]
[WhiteElo "2511"]
[BlackElo "2184"]
[WhiteFideId "2117568"]
[BlackFideId "3800423"]
[EventDate "2025.05.23"]

1. d4 Nf6 2. c4 c5 3. d5 b5 4. cxb5 a6 5. e3 g6 6. Nc3 Bg7 7. Nf3 O-O 8. a4 axb5
9. Bxb5 Na6 10. O-O d6 11. e4 Nb4 12. Rb1 Ne8 13. Bf4 Nc7 14. Bc4 Bg4 15. h3
Bxf3 16. Qxf3 Nc2 17. Qd3 Nd4 18. b4 e5 19. Bd2 Ne8 20. b5 Qb6 21. Ra1 f5 22. a5
Rxa5 23. Na4 Rxa4 24. Rxa4 Nf6 25. exf5 e4 26. Qa3 Nd7 27. Ra6 Qb8 28. Bf4 Be5
29. Bh6 Re8 30. fxg6 Nb6 31. gxh7+ Kxh7 32. Rxb6 Qxb6 33. Bg5 Kg6 34. h4 Nxb5
35. Qa4 Nc7 36. Qd7 Qb8 37. f4 1-0

[Event "18th American Continental"]
[Site "Foz do Iguacu BRA"]
[Date "2025.05.24"]
[Round "2.16"]
[White "Diamant, Andre"]
[Black "Luz, Arthur Nader"]
[Result "1-0"]
[WhiteTitle "GM"]
[WhiteElo "2487"]
[BlackElo "2184"]
[WhiteFideId "2108356"]
[BlackFideId "2148838"]
[EventDate "2025.05.23"]

1. c4 g6 2. d4 Nf6 3. Nc3 Bg7 4. e4 d6 5. h3 O-O 6. Be3 Nbd7 7. Nf3 e5 8. d5 Nc5
9. Nd2 a5 10. Be2 c6 11. a3 Nfd7 12. g4 a4 13. h4 Qa5 14. h5 Rb8 15. Qc2 cxd5
16. Nxd5 Re8 17. Qc3 Qd8 18. O-O-O Ne6 19. Kb1 Nd4 20. Bxd4 exd4 21. Qg3 d3 22.
Qxd3 Nf6 23. Ne3 Qb6 24. Qc2 Nxe4 25. Nxe4 Rxe4 26. h6 Be5 27. Rd5 Rxe3 28. fxe3
Qxe3 29. Rd3 Qc5 30. Qxa4 Be6 31. Rc1 Qf2 32. Rc2 Qf4 33. Qa7 Rf8 34. Qe3 Qf6
35. Rd1 Rc8 36. c5 dxc5 37. Rxc5 Rxc5 38. Qxc5 Bf4 39. Rf1 g5 40. Rd1 Be5 41.
Qxe5 1-0

[Event "18th American Continental"]
[Site "Foz do Iguacu BRA"]
[Date "2025.05.24"]
[Round "2.17"]
[White "Hungaski, Robert"]
[Black "Cantero, Rodolfo"]
[Result "1-0"]
[WhiteTitle "GM"]
[BlackTitle "CM"]
[WhiteElo "2477"]
[BlackElo "2179"]
[WhiteFideId "2021030"]
[BlackFideId "3703762"]
[EventDate "2025.05.23"]

1. Nf3 Nf6 2. c4 e6 3. Nc3 b6 4. e4 Bb7 5. e5 Ne4 6. d4 Be7 7. Bd3 Nxc3 8. bxc3
d6 9. O-O Nd7 10. exd6 cxd6 11. a4 O-O 12. Re1 Rc8 13. a5 bxa5 14. Nd2 Qc7 15.
Qh5 Nf6 16. Qxa5 Qxa5 17. Rxa5 a6 18. Ba3 Rfd8 19. d5 Re8 20. dxe6 Bd8 21. exf7+
Kxf7 22. Rxe8 Bxa5 23. Rxc8 Bxc8 24. Bb4 Bc7 25. Nb3 Be6 26. Nd4 g6 27. c5 dxc5
28. Bxc5 Bc8 29. Bc4+ Ke8 30. f3 Bb7 31. Bb3 Ba5 32. Ba4+ Kf7 33. c4 Bc7 34. Kf2
Nh5 35. g3 Ng7 36. Bd7 Kf6 37. Ke3 h5 38. f4 Bg2 39. Bc8 a5 40. Nb5 Bb8 41. Bd4+
Kf7 42. Be5 Bxe5 43. fxe5 a4 44. Kd4 Ne6+ 45. Bxe6+ Kxe6 46. Nc7+ Kf5 47. e6 Kf6
48. Nd5+ Kg7 49. h4 Bh3 50. Ke5 a3 51. Nb4 Bf1 52. c5 Bb5 53. Kd6 Kf8 54. c6 Ba6
55. e7+ 1-0

[Event "18th American Continental"]
[Site "Foz do Iguacu BRA"]
[Date "2025.05.24"]
[Round "2.18"]
[White "Mayta Aiza, Maveric"]
[Black "Avila Pavas, Santiago"]
[Result "1/2-1/2"]
[WhiteTitle "CM"]
[BlackTitle "GM"]
[WhiteElo "2184"]
[BlackElo "2469"]
[WhiteFideId "3307336"]
[BlackFideId "4437128"]
[EventDate "2025.05.23"]

1. e4 c5 2. Nf3 d6 3. Bb5+ Bd7 4. Bxd7+ Qxd7 5. d4 cxd4 6. Qxd4 Nc6 7. Qd3 g6 8.
Nc3 Bg7 9. O-O Nf6 10. h3 O-O 11. Re1 Rfd8 12. Bf4 Rac8 13. Rad1 Qe8 14. Qe3 Nb4
15. Qxa7 Rc4 16. Nd2 Rcc8 17. Nf3 Nh5 18. Bd2 Nxc2 19. Re2 Nb4 20. g4 Nf6 21.
Qa3 Nc6 22. Be3 Ra8 23. Qb3 Rdc8 24. Bb6 Nd7 25. Nd5 Ra6 26. Be3 Na5 27. Qb5
Raa8 28. b3 Nc6 29. Rc2 e6 30. Nb6 Nxb6 31. Bxb6 Qe7 32. Rcd2 Ne5 33. Qe2 Rc6
34. Nxe5 Bxe5 35. Bd4 Qf6 36. Bxe5 Qxe5 37. Kg2 Kg7 38. Qe3 g5 39. Qd4 Qxd4 40.
Rxd4 Raa6 41. R1d2 Kf6 42. Rb4 b6 43. a4 Ke5 44. Kg3 Ra5 45. f3 h6 46. Rbd4 b5
47. Rb4 Rca6 48. Rdd4 Ra7 49. Kf2 Rc7 50. Kg3 Rc8 51. Rd2 Rc6 52. Rd1 Rca6 53.
Rdd4 Ra7 54. Rd2 bxa4 55. bxa4 R7a6 56. Rdd4 Rc5 57. Rd2 f6 58. Rd3 Rca5 59. Rd2
Rc5 60. Rd1 d5 61. exd5 exd5 62. Rd3 Kd6 63. h4 Rca5 64. hxg5 hxg5 65. Rb8 Kc7
66. Rf8 Rd6 67. Rd4 Kb6 68. Rc8 Rc5 69. Rb8+ Kc7 70. Rb1 Rc4 71. Rbd1 Kc6 72. f4
Kc5 73. R4d3 gxf4+ 74. Kf3 Rxa4 75. Rb1 Rda6 76. Rb8 Re6 77. Rc8+ Rc6 78. Rd8
Rd4 79. Rc3+ Rc4 80. Rd3 Rd6 81. Rc8+ Rc6 82. Rd8 Rd4 83. Rc3+ Rc4 84. Rd3 d4
85. Kxf4 Rd6 86. Rf8 Rc3 87. Rc8+ Rc6 88. Rxc6+ Kxc6 89. Rxd4 1/2-1/2

[Event "18th American Continental"]
[Site "Foz do Iguacu BRA"]
[Date "2025.05.24"]
[Round "2.19"]
[White "Sanhueza, Cristian"]
[Black "Di Berardino, Diego Rafael"]
[Result "0-1"]
[WhiteTitle "FM"]
[BlackTitle "IM"]
[WhiteElo "2182"]
[BlackElo "2448"]
[WhiteFideId "116815"]
[BlackFideId "2105446"]
[EventDate "2025.05.23"]

1. e4 e6 2. d4 d5 3. Nc3 Nf6 4. Bg5 Be7 5. e5 Nfd7 6. Bxe7 Qxe7 7. f4 a6 8. Qd2
c5 9. Nf3 Nc6 10. dxc5 Nxc5 11. O-O-O b5 12. Bd3 b4 13. Ne2 a5 14. Kb1 Ba6 15.
Ned4 Nxd4 16. Nxd4 O-O 17. Qe3 Rfc8 18. f5 b3 19. axb3 Bxd3 20. cxd3 a4 21. f6
Qf8 22. b4 Nb3 23. Nc2 Rxc2 24. Kxc2 Qc8+ 25. Kb1 a3 26. bxa3 Qc3 27. Rc1 Nd2+ 0-1

[Event "18th American Continental"]
[Site "Foz do Iguacu BRA"]
[Date "2025.05.24"]
[Round "2.20"]
[White "Salinas Herrera, Pablo"]
[Black "Arias Diaz, Miguel Angel"]
[Result "1-0"]
[WhiteTitle "GM"]
[WhiteElo "2447"]
[BlackElo "2176"]
[WhiteFideId "3407128"]
[BlackFideId "3432742"]
[EventDate "2025.05.23"]

1. d4 Nf6 2. Nf3 g6 3. Bg5 Bg7 4. Nbd2 O-O 5. e3 d5 6. Be2 c5 7. c3 Qc7 8. Bf4
Qb6 9. Qb3 Nc6 10. h3 c4 11. Qa3 Qd8 12. b3 b5 13. bxc4 bxc4 14. Rb1 Re8 15. O-O
Bf8 16. Qa4 Bd7 17. Qa6 Qc8 18. Qxc8 Rexc8 19. Bd1 Bf5 20. Rb2 e6 21. Ba4 Ba3
22. Rb5 Ne8 23. e4 dxe4 24. Ng5 e5 25. dxe5 Nc7 26. g4 Nxb5 27. Bxb5 Be6 28.
Nxe6 fxe6 29. Nxe4 Kg7 30. Bxc4 Nd4 31. Bd3 Rf8 32. Bg3 Nf3+ 33. Kg2 Rad8 34.
Bc4 h5 35. gxh5 gxh5 36. h4 Nd2 37. Nxd2 Rxd2 38. Bxe6 Bc5 39. Bb3 a5 40. e6 Kf6
41. Bf4 Rb2 42. Bc1 Re2 43. Kf3 Re5 44. Kg3 Re2 45. Bg5+ Kf5 46. f4 Re3+ 47. Rf3
a4 48. Rxe3 Bxe3 49. Bc2+ Kxe6 50. f5+ Ke5 51. Bxe3 Re8 52. f6 1-0

[Event "18th American Continental"]
[Site "Foz do Iguacu BRA"]
[Date "2025.05.24"]
[Round "2.21"]
[White "Almeida Junior, Alvaro Alves de"]
[Black "Panjwani, Raja"]
[Result "0-1"]
[BlackTitle "IM"]
[WhiteElo "2179"]
[BlackElo "2446"]
[WhiteFideId "2149974"]
[BlackFideId "2604493"]
[EventDate "2025.05.23"]

1. e4 c5 2. Nf3 Nc6 3. d4 cxd4 4. Nxd4 e5 5. Nb5 d6 6. c4 Be7 7. N1c3 a6 8. Na3
Be6 9. Nc2 Nf6 10. Be2 O-O 11. O-O Rc8 12. b3 b5 13. cxb5 axb5 14. Qd3 Qa5 15.
Nxb5 d5 16. exd5 Nxd5 17. a3 f5 18. b4 Qa8 19. Nc3 Nxc3 20. Qxc3 Nd4 21. Nxd4
Rxc3 22. Nxe6 Rf6 23. Bb2 Rg6 24. g3 Rc2 0-1

[Event "18th American Continental"]
[Site "Foz do Iguacu BRA"]
[Date "2025.05.24"]
[Round "2.22"]
[White "Coro, Lucas"]
[Black "Silverio, Vitor Luis De Jesus"]
[Result "1-0"]
[WhiteTitle "IM"]
[WhiteElo "2434"]
[BlackElo "2166"]
[WhiteFideId "147222"]
[BlackFideId "22797289"]
[EventDate "2025.05.23"]

1. Nf3 Nf6 2. g3 g6 3. Bg2 Bg7 4. O-O O-O 5. d4 d6 6. Re1 c5 7. c3 Nc6 8. dxc5
dxc5 9. Be3 Nd7 10. Na3 Rb8 11. Ng5 Na5 12. Qa4 a6 13. Qh4 h6 14. Ne4 g5 15. Qh5
Qc7 16. h4 Nf6 17. Qf3 Nxe4 18. Qxe4 f5 19. Qd5+ e6 20. Qxc5 Nc6 21. hxg5 f4 22.
Bxf4 Rxf4 23. gxf4 Qxf4 24. gxh6 Bxh6 25. Rad1 e5 26. Qc4+ 1-0

[Event "18th American Continental"]
[Site "Foz do Iguacu BRA"]
[Date "2025.05.24"]
[Round "2.23"]
[White "Jardim, Frederico Rodrigues"]
[Black "Liascovich, Lucas"]
[Result "1/2-1/2"]
[WhiteTitle "CM"]
[BlackTitle "IM"]
[WhiteElo "2173"]
[BlackElo "2417"]
[WhiteFideId "22798404"]
[BlackFideId "108634"]
[EventDate "2025.05.23"]

1. e4 e5 2. Nf3 Nc6 3. Bb5 g6 4. d4 exd4 5. Bg5 Be7 6. Bxe7 Qxe7 7. O-O Qb4 8.
Bxc6 dxc6 9. Qxd4 Qxd4 10. Nxd4 Bd7 11. Nc3 O-O-O 12. Rad1 Ne7 13. f3 c5 14.
Nde2 Nc6 15. Rd2 Be6 16. Rfd1 Rxd2 17. Rxd2 g5 18. a3 a5 19. Kf2 h5 20. Nd1 b5
21. Ndc3 b4 22. Na4 c4 23. axb4 axb4 24. Nc5 Ne5 25. c3 b3 26. Rd1 c6 27. Nd4
Re8 28. Ra1 Kc7 29. Ndxe6+ fxe6 30. Rd1 Re7 31. Ke3 Kb6 32. Kd4 Nd7 33. Nxe6
Rxe6 34. Kxc4 Kc7 35. Ra1 g4 36. Ra7+ Kd6 37. Kxb3 gxf3 38. gxf3 Rf6 39. e5+
Nxe5 40. Rh7 Rf5 41. f4 Nd3 42. Rh6+ Kc5 43. c4 Nxf4 44. Kc3 Ne2+ 45. Kd3 Re5
46. b4+ Kxb4 47. Rxc6 Nc1+ 48. Kd4 Rg5 49. Rb6+ Ka4 50. Rb5 Rg4+ 51. Ke3 h4 52.
Rf5 Rg6 53. Rh5 Rg4 54. Rf5 Rg2 55. Rf2 Rg8 56. Rf4 Re8+ 57. Re4 Rh8 58. c5+ Kb5
59. c6 1/2-1/2

[Event "18th American Continental"]
[Site "Foz do Iguacu BRA"]
[Date "2025.05.24"]
[Round "2.24"]
[White "Do Valle Cardoso, Lucas"]
[Black "Palacio, Igor Da Paz"]
[Result "0-1"]
[WhiteTitle "IM"]
[WhiteElo "2411"]
[BlackElo "2165"]
[WhiteFideId "2163144"]
[BlackFideId "2121140"]
[EventDate "2025.05.23"]

1. Nf3 Nf6 2. c4 g6 3. Nc3 Bg7 4. e4 d6 5. d4 O-O 6. h3 c5 7. d5 a6 8. Bd3 b5 9.
cxb5 axb5 10. Nxb5 Ba6 11. Nc3 Qa5 12. O-O Nfd7 13. Bg5 Re8 14. Qd2 Ne5 15. Nxe5
Bxe5 16. Bxa6 Rxa6 17. Qc2 Nd7 18. a4 Nb6 19. Bd2 Nc4 20. Be1 Qb6 21. b3 Na5 22.
Rb1 c4 23. bxc4 Qc5 24. Nb5 Rc8 25. Bb4 Qxc4 26. Qxc4 Nxc4 27. a5 Nxa5 28. f4
Bf6 29. e5 dxe5 30. fxe5 Bxe5 31. Bxe7 Nc4 32. Rfc1 Re8 33. Bc5 Nd2 34. Rb4 f5
35. Rd1 Ne4 36. Bd4 Bb8 37. Nc3 Ba7 38. Rc4 Nxc3 39. Rxc3 Re1+ 40. Kf2 Rxd1 41.
Rc8+ Kf7 42. Rc7+ Ke8 43. Bxa7 Rxd5 44. Rxh7 Rd7 45. Rh8+ Kf7 46. Be3 Re7 47.
Rh7+ Ke6 48. Rh8 Kd5 49. Rd8+ Ke4 50. Rd4+ Ke5 51. Rb4 Ra2+ 52. Kf3 Ra3 53. Kf2
Re6 54. g3 Ra2+ 55. Kf3 Ra3 56. Kf2 Ra2+ 57. Kf3 Rc6 58. h4 Ra3 59. Rb8 Re6 60.
Kf2 Rc6 61. Rb5+ Ke4 62. Rb4+ Kd3 63. Rd4+ Kc3 64. Rd7 Re6 0-1

[Event "18th American Continental"]
[Site "Foz do Iguacu BRA"]
[Date "2025.05.24"]
[Round "2.25"]
[White "Alboredo, Julia"]
[Black "Proudian, Armen"]
[Result "1-0"]
[WhiteTitle "FM"]
[BlackTitle "FM"]
[WhiteElo "2165"]
[BlackElo "2410"]
[WhiteFideId "2124807"]
[BlackFideId "2130734"]
[EventDate "2025.05.23"]

1. e4 e5 2. Nf3 Nc6 3. Bc4 Bc5 4. d3 Nf6 5. Bg5 h6 6. Bh4 g5 7. Bg3 d6 8. c3 Qe7
9. Nbd2 Nh5 10. a4 a5 11. Bb5 Bd7 12. Nc4 Nf4 13. O-O Ba7 14. Ne3 O-O-O 15. b4
Rdg8 16. bxa5 Nxa5 17. Bxd7+ Qxd7 18. d4 f6 19. Rb1 Qc6 20. Rb5 Nc4 21. Nf5 Rh7
22. Bxf4 gxf4 23. d5 Qa6 24. Qb3 Nb6 25. Rb1 Nd7 26. a5 Nc5 27. Qc4 Rd8 28. Ne1
c6 29. dxc6 Qxc6 30. Nd3 Nxe4 31. Qe6+ Kb8 32. Ne7 Rxe7 33. Qxe7 Rd7 34. Qe8+
Qc8 35. Qxc8+ Kxc8 36. R1b3 Rc7 37. Rd5 Kd7 38. c4 Ke6 39. Rdb5 Rxc4 40. Rxb7
Bxf2+ 41. Kf1 Bd4 42. Ra3 Rc2 43. a6 f3 44. gxf3 Nd2+ 45. Ke1 Nxf3+ 46. Kd1 Rxh2
47. a7 Bxa7 48. Rbxa7 Rh1+ 49. Ke2 Nd4+ 50. Kf2 Nb5 51. Ra1 Rh2+ 52. Kg1 Rd2 53.
Rb7 Nd4 54. Nf2 f5 55. Rh7 e4 56. Rxh6+ Ke5 57. Rh8 Kf4 58. Rd1 Nf3+ 59. Kf1
Rxd1+ 60. Nxd1 d5 61. Ke2 d4 62. Rg8 Ne5 63. Rd8 d3+ 64. Kd2 Nf3+ 65. Kc3 d2 66.
Re8 Kg3 67. Rg8+ Kf4 68. Re8 Kg3 69. Rg8+ Kf4 70. Kc2 e3 71. Kd3 Ne1+ 72. Ke2
Nc2 73. Rd8 Ke4 74. Nc3+ Ke5 75. Kd3 f4 76. Re8+ Kf5 77. Kxc2 Kg4 78. Kd1 Kg3
79. Ne2+ 1-0

[Event "18th American Continental"]
[Site "Foz do Iguacu BRA"]
[Date "2025.05.24"]
[Round "2.26"]
[White "Perez Gormaz, Matias"]
[Black "Pirola, Claudionor Alcides Lima"]
[Result "1-0"]
[WhiteTitle "IM"]
[WhiteElo "2408"]
[BlackElo "2157"]
[WhiteFideId "3406342"]
[BlackFideId "2130556"]
[EventDate "2025.05.23"]

1. e4 e5 2. Nf3 Nc6 3. Bb5 Nf6 4. O-O Nxe4 5. Re1 Nd6 6. Nxe5 Be7 7. Bf1 Nxe5 8.
Rxe5 O-O 9. d4 Bf6 10. Re2 Nf5 11. d5 d6 12. Nd2 Bd7 13. Re1 Re8 14. Ne4 Be7 15.
g3 g6 16. Bd2 Ng7 17. Bc3 Rf8 18. Qd4 f6 19. h4 Rf7 20. Qd2 Bf5 21. a4 Bxe4 22.
Rxe4 f5 23. Rb4 Rb8 24. Bd4 c5 25. dxc6 bxc6 26. Bxa7 Rxb4 27. Qxb4 f4 28. Qb8
fxg3 29. fxg3 Nf5 30. Qxd8+ Bxd8 31. Bf2 Kg7 32. a5 c5 33. c3 Ra7 34. a6 Kf6 35.
Re1 Bb6 36. g4 Ne7 37. Bc4 d5 38. Bb5 d4 39. Bc4 1-0

[Event "18th American Continental"]
[Site "Foz do Iguacu BRA"]
[Date "2025.05.24"]
[Round "2.27"]
[White "Lira, Suan Bruno Fernandes"]
[Black "Schnaider, Ilan"]
[Result "0-1"]
[BlackTitle "IM"]
[WhiteElo "2163"]
[BlackElo "2388"]
[WhiteFideId "22794620"]
[BlackFideId "169013"]
[EventDate "2025.05.23"]

1. e4 e5 2. Nf3 Nc6 3. Bb5 a6 4. Ba4 Nf6 5. d3 d6 6. c3 g6 7. O-O Bg7 8. h3 O-O
9. Be3 h6 10. Nbd2 Bd7 11. Bb3 Re8 12. a4 Be6 13. Bxe6 Rxe6 14. a5 Re8 15. Qb3
Rb8 16. Rfe1 d5 17. Bc5 Qd7 18. Qa2 Rbd8 19. Rad1 Qe6 20. Qa4 Nd7 21. Be3 f5 22.
Nb3 Bf8 23. exf5 gxf5 24. c4 dxc4 25. dxc4 Qf7 26. Bc1 e4 27. Nfd4 Nce5 28. Re3
Kh7 29. Rc3 Nd3 30. Rc2 N7c5 31. Nxc5 Nxc5 32. Qa2 Nd3 33. Be3 f4 0-1

[Event "18th American Continental"]
[Site "Foz do Iguacu BRA"]
[Date "2025.05.24"]
[Round "2.28"]
[White "Lima, Darcy"]
[Black "Brizzi, Milagros Tatiana"]
[Result "1-0"]
[WhiteTitle "GM"]
[BlackTitle "WIM"]
[WhiteElo "2380"]
[BlackElo "2152"]
[WhiteFideId "2100045"]
[BlackFideId "128350"]
[EventDate "2025.05.23"]

1. c4 c6 2. Nf3 d5 3. g3 Nf6 4. Bg2 dxc4 5. O-O Nbd7 6. Na3 Nb6 7. Qc2 Be6 8.
Ne5 h5 9. Naxc4 Nxc4 10. Nxc4 h4 11. Ne5 Qd4 12. Qc3 Qxc3 13. bxc3 hxg3 14. hxg3
Nd7 15. Nf3 f6 16. d3 Bf7 17. Be3 e5 18. Rab1 b6 19. a4 Bd6 20. Nd2 Bd5 21. Ne4
Ke7 22. c4 Be6 23. a5 Bc7 24. Nc3 Kd6 25. axb6 Bxb6 26. Bxb6 axb6 27. Nb5+ Ke7
28. Bxc6 Rac8 29. Bg2 f5 30. Rfe1 g5 31. Nc3 Kd6 32. g4 Rh4 33. gxf5 Bxf5 34.
Ne4+ Bxe4 35. Bxe4 Rg4+ 36. Bg2 Rf8 37. Rb5 Ke6 38. e3 Rc8 39. Kf1 Rh4 40. Bd5+
Kd6 41. Be4 Rc5 42. Bf5 e4 43. Rd1 Kc6 44. Rxc5+ bxc5 45. dxe4 1-0

[Event "18th American Continental"]
[Site "Foz do Iguacu BRA"]
[Date "2025.05.24"]
[Round "2.29"]
[White "Piasetski, Leon"]
[Black "Lopez Silva, Hugo"]
[Result "0-1"]
[WhiteTitle "IM"]
[BlackTitle "IM"]
[WhiteElo "2153"]
[BlackElo "2380"]
[WhiteFideId "2600072"]
[BlackFideId "3403874"]
[EventDate "2025.05.23"]

1. Nf3 Nf6 2. g3 g6 3. Bg2 Bg7 4. O-O O-O 5. d4 d5 6. c4 c6 7. Nc3 dxc4 8. Ne5
Ng4 9. Nxg4 Bxg4 10. h3 Be6 11. Be3 Qd7 12. Kh2 Rd8 13. Ne4 Na6 14. Qa4 Bxd4 15.
Rfd1 c5 16. Nxc5 Qxa4 17. Nxa4 Bxe3 18. fxe3 Rxd1 19. Rxd1 Rb8 20. Rd4 b5 21.
Nc3 Nc5 22. Bc6 a6 23. g4 Kf8 24. Kg3 Rc8 25. Bf3 b4 26. Nd5 Bxd5 27. Rxd5 Na4
28. Rd2 c3 29. bxc3 Nxc3 30. Kf2 Rc5 31. Rd8+ Kg7 0-1

[Event "18th American Continental"]
[Site "Foz do Iguacu BRA"]
[Date "2025.05.24"]
[Round "2.30"]
[White "Spata, German"]
[Black "Starke, Bruno Orlando"]
[Result "1/2-1/2"]
[WhiteTitle "FM"]
[WhiteElo "2376"]
[BlackElo "2143"]
[WhiteFideId "113026"]
[BlackFideId "2128713"]
[EventDate "2025.05.23"]

1. Nf3 d5 2. e3 Nf6 3. c4 g6 4. cxd5 Nxd5 5. d4 Bg7 6. e4 Nb6 7. Be2 Bg4 8. Nbd2
O-O 9. O-O e5 10. dxe5 Nc6 11. h3 Bxf3 12. Nxf3 Qxd1 13. Rxd1 Nxe5 14. Bf4 Rfe8
15. Rac1 c6 16. b3 Ned7 17. Nd2 Nf6 18. Bf3 Rad8 19. Nc4 Nxc4 20. bxc4 h5 21.
Rxd8 Rxd8 22. Rb1 Rd7 23. g3 Nh7 24. Be3 b6 25. a4 Nf8 26. c5 bxc5 27. Bxc5 Ne6
28. Be3 Bd4 29. Bc1 Nc5 30. e5 Bxe5 31. Be3 Ne6 32. Bxc6 Rc7 33. Bd5 Nd4 34. Kg2
Nf5 35. Bg5 Rc5 36. Rb5 Rxb5 37. axb5 Kf8 38. Be4 Nd4 39. Bd3 Ke8 40. Be3 Ke7
41. Bc4 Bg7 42. Bf4 Nf5 43. g4 hxg4 44. hxg4 Nd6 45. Bxd6+ Kxd6 46. Bxf7 g5 1/2-1/2

[Event "18th American Continental"]
[Site "Foz do Iguacu BRA"]
[Date "2025.05.24"]
[Round "2.65"]
[White "Pereira, Wilson Roberto de M."]
[Black "Torales G., Ivan Alejandro B."]
[Result "1/2-1/2"]
[BlackTitle "FM"]
[WhiteElo "1869"]
[BlackElo "2089"]
[WhiteFideId "2124653"]
[BlackFideId "3710785"]
[EventDate "2025.05.23"]

1. e4 d6 2. d4 Nf6 3. Nc3 g6 4. Nf3 Bg7 5. Be2 O-O 6. h3 Nc6 7. Be3 e5 8. d5 Ne7
9. Qd3 Nh5 10. g4 Nf4 11. Bxf4 exf4 12. Nd4 f5 13. gxf5 gxf5 14. Bf3 Ng6 15.
O-O-O Ne5 16. Qe2 Qf6 17. exf5 Bxf5 18. Nxf5 Qxf5 19. Be4 Qf6 20. f3 Nd7 21. Qc4
Nc5 22. Qb4 a6 23. Rde1 b5 24. Nd1 Na4 25. c3 Rfb8 26. Qb3 Nc5 27. Qc2 h6 28.
Rhg1 a5 29. Rg6 Qe5 30. Reg1 b4 31. Rxg7+ Kf8 32. Rg8+ Kf7 33. Rxb8 Rxb8 34. b3
a4 35. Bg6+ Kf8 36. Kb2 axb3 37. axb3 bxc3+ 38. Ka2 Qxd5 39. Nxc3 Qxb3+ 40. Qxb3
Rxb3 41. Rc1 Rb4 42. Nd5 Ra4+ 43. Kb2 c6 44. Nc3 Rc4 45. Ne2 Rb4+ 46. Kc2 Ra4
47. Kb2 Rb4+ 48. Kc2 Nd7 49. Kc3 c5 50. Be4 1/2-1/2

[Event "18th American Continental"]
[Site "Foz do Iguacu BRA"]
[Date "2025.05.24"]
[Round "2.66"]
[White "Mayeregger Gonzalez, Fiorella Allegra"]
[Black "Carcamo, Matias"]
[Result "0-1"]
[WhiteTitle "WCM"]
[WhiteElo "1867"]
[BlackElo "2077"]
[WhiteFideId "3708845"]
[BlackFideId "115541"]
[EventDate "2025.05.23"]

1. e4 c6 2. d4 d5 3. Nc3 dxe4 4. Nxe4 Nf6 5. Nxf6+ exf6 6. c3 Be6 7. Bd3 Nd7 8.
Ne2 Bd6 9. O-O Qc7 10. h3 O-O 11. Qc2 g6 12. c4 b6 13. Nc3 Rac8 14. Bd2 Rfd8 15.
Rac1 Nf8 16. Rfe1 Bf4 17. Ne2 Bd6 18. Nc3 Bh2+ 19. Kh1 Rxd4 20. Ne4 f5 21. Nf6+
Kg7 22. g3 Bxg3 23. fxg3 Kxf6 24. Bc3 c5 25. Qf2 Rd8 26. g4 Ke7 27. Bxd4 Rxd4
28. gxf5 Rxd3 29. Qh4+ Ke8 30. fxe6 Nxe6 31. Qxh7 Qc6+ 32. Kh2 Rd2+ 33. Kg3 Qg2+
34. Kh4 Qg5# 0-1